Movies Beginning With K - The Last 40 Years - Statistics

General Stats
  • This quiz has been taken 25 times
  • The average score is 11 of 41
Answer Stats
Picture Answer % Correct
Kung Fu Panda (2008)
100%
The Karate Kid Part II (1986)
100%
Kill Bill: Vol 1 (2003)
90%
Knocked Up (2007)
70%
Kick-Ass (2010)
65%
Kingsman: The Secret Service (2015)
50%
Kingpin (1996)
45%
Kraven The Hunter (2024)
45%
Killers Of The Flower Moon (2023)
40%
Killer Klowns From Outer Space (1988)
30%
King Ralph (1991)
30%
King Richard (2021)
30%
The King Of Staten Island (2020)
30%
Keeping The Faith (2000)
25%
Kickboxer (1989)
25%
Klaus (2019)
25%
Killing Them Softly (2012)
20%
Kiss The Girls (1997)
20%
Knowing (2009)
20%
Kubo And The Two Strings (2016)
20%
The King And I (1999)
20%
The Killing Of A Sacred Deer (2017)
15%
The King Of Kings (2025)
15%
Kalifornia (1993)
10%
Kidulthood (2006)
10%
Kill Your Darlings (2013)
10%
Kiss Kiss Bang Bang (2005)
10%
Kiss Of Death (1995)
10%
Kiss Of The Spider Woman (1985)
10%
Kuffs (1992)
10%
K-19: The Widowmaker (2002)
5%
Killer Elite (2011)
5%
Killing Zoe (1994)
5%
Kill The Messenger (2014)
5%
Kin (2018)
5%
King Of New York (1990)
5%
Kiss Of The Dragon (2001)
5%
Knock Off (1998)
5%
Kung Fu Hustle (2004)
5%
The Kindred (1987)
5%
The King's Daughter (2022)
5%
No matching quizzes found
Score Distribution
Percent of People with Each Score
Percentile by Number Answered
Your Score History
You have not taken this quiz